[Event "ch-PER"]
[Site "Lima PER"]
[Date "2004.03.08"]
[Round "4.1"]
[White "Zapata,D"]
[Black "Retamozo,H"]
[Result "1/2-1/2"]
[WhiteElo "2153"]
[BlackElo "2228"]

1.e4 e5 2.Nf3 Nc6 3.Bb5 a6 4.Ba4 Nf6 5.O-O Be7 6.Re1 b5 7.Bb3 d6 8.c3 O-O
9.h3 Bb7 10.d4 Re8 11.Ng5 Rf8 12.Nf3 Re8 13.Ng5 Rf8 14.Nf3 Re8 15.d5 Na5
16.Bc2 c6 17.dxc6 Nxc6 18.Nbd2 h6 19.Nf1 Bf8 20.Ne3 Ne7 21.Ng4 Nxg4 22.hxg4 Ng6
23.Bb3 Qd7 24.Nh2 d5 25.exd5 Rad8 26.g5 hxg5 27.Bxg5 Be7 28.Bxe7 Rxe7 29.Qg4 Qxg4
30.Nxg4 Bxd5 31.Rad1 Red7 32.Nxe5 Nxe5 33.Rxe5 Bxb3 34.Rxd7 Rxd7 35.axb3 Rd1+
36.Kh2 Rd2 37.Kg3 Rxb2 38.b4 Rc2 39.Rc5 Kh7 40.Kf3 f5 41.g3 g6 42.Ke3 Kh6
43.f3 Kg5 44.g4 Rc1 45.gxf5 gxf5 46.Rc6 Re1+ 47.Kf2 Ra1 48.Kg3 Rg1+ 49.Kf2 Ra1
50.Ke3 Re1+  1/2-1/2

[Event "6th Foxwoods Open"]
[Site "Connecticut USA"]
[Date "2004.04.11"]
[Round "8"]
[White "Becerra Rivero,J"]
[Black "Ibragimov,I"]
[Result "1/2-1/2"]
[WhiteElo "2547"]
[BlackElo "2556"]

1.e4 e5 2.Nf3 Nc6 3.Bb5 a6 4.Ba4 Nf6 5.O-O Be7 6.Re1 b5 7.Bb3 d6 8.c3 O-O
9.h3 Bb7 10.d4 Re8 11.Ng5 Rf8 12.Nf3 Re8 13.Nbd2 Bf8 14.Bc2 g6 15.d5 Nb8
16.b3 c6 17.c4 a5 18.a4 b4 19.g4 h5 20.Nh2 hxg4 21.hxg4 Bh6 22.Ndf1 Bxc1
23.Rxc1 c5 24.Re3 Bc8 25.Rg3 Nh7 26.Nf3 Ng5 27.N1h2 Nxf3+ 28.Nxf3 g5 29.Qd2 f6
30.Kg2 Ra7 31.Rh1 Rh7 32.Rxh7 Kxh7 33.Rh3+ Kg7 34.Nh2 Nd7 35.Nf1 Nf8 36.f3 Ng6
37.Kg3 Rh8 38.Qh2 Rh4 39.Ne3 Qh8 40.Ng2  1/2-1/2

[Event "Pobeskydi Arcimpex Cup"]
[Site "Frydek Mistek CZE"]
[Date "2004.04.11"]
[Round "7"]
[White "Klima,L"]
[Black "Czerwonski,A"]
[Result "1/2-1/2"]
[WhiteElo "2429"]
[BlackElo "2388"]

1.e4 e5 2.Nf3 Nc6 3.Bb5 a6 4.Ba4 Nf6 5.O-O b5 6.Bb3 Be7 7.Re1 d6 8.c3 O-O
9.h3 Bb7 10.d4 Qd7 11.a4 Rad8 12.axb5 axb5 13.d5 Nb8 14.Na3 c6 15.Bg5 Na6
16.Bxf6 Bxf6 17.dxc6 Bxc6 18.Bd5 Nc7 19.Bxc6 Qxc6 20.Qb3 Ra8 21.Rad1 Ra4
22.Nc2 Rxe4 23.Rxe4 Qxe4 24.Rxd6 Ne6 25.Ne3 Nf4 26.Nd2 Qb7 27.Nd5 Be7 28.Nxe7+ Qxe7
29.Ne4 Qb7 30.f3 Qa7+ 31.Kh2 Kh8 32.Qd1 Qb8 33.Rd7 Kg8 34.Qd6 h6 35.b4 Qxd6
36.Nxd6 Ra8 37.c4 bxc4 38.Nxc4 Rb8 39.Nxe5 Rxb4 40.Rd8+ Kh7 41.Nd3  1/2-1/2

[Event "ch-LTU"]
[Site "Vilnius LTU"]
[Date "2004.04.25"]
[Round "3"]
[White "Kveinys,A"]
[Black "Sulskis,S"]
[Result "1/2-1/2"]
[WhiteElo "2550"]
[BlackElo "2570"]

1.e4 e5 2.Nf3 Nc6 3.Bb5 a6 4.Ba4 Nf6 5.O-O Be7 6.Re1 b5 7.Bb3 d6 8.c3 O-O
9.h3 Bb7 10.d4 Re8 11.Nbd2 Bf8 12.a3 h6 13.Ba2 d5 14.exd5 Nxd5 15.Nf1 Qd6
16.dxe5 Nxe5 17.Nxe5 Rxe5 18.Rxe5 Qxe5 19.Qf3 Rb8 20.Bd2 Nf6 21.Bf4 Qe8 22.Qd3 Rd8
23.Qc2 Bc5 24.Be3 Qe4 25.Qxe4 Nxe4 26.f3 Bxe3+ 27.Nxe3 Nf6 28.Rd1  1/2-1/2

[Event "ch-LTU"]
[Site "Vilnius LTU"]
[Date "2004.04.27"]
[Round "5"]
[White "Sulskis,S"]
[Black "Butnorius,A"]
[Result "1/2-1/2"]
[WhiteElo "2570"]
[BlackElo "2423"]

1.e4 e5 2.Nf3 Nc6 3.Bb5 a6 4.Ba4 Nf6 5.O-O Be7 6.Re1 b5 7.Bb3 d6 8.c3 O-O
9.h3 Bb7 10.d4 Re8 11.Nbd2 Bf8 12.a4 h6 13.Bc2 Nb8 14.Bd3 c6 15.b4 Nbd7 16.Nb3 Rb8
17.axb5 axb5 18.dxe5 dxe5 19.Ra7 Qc7 20.Na5 Qb6 21.Rxb7 Rxb7 22.Nxb7 Qxb7
23.Nh4 c5 24.Nf5 cxb4 25.cxb4 Bxb4 26.Re3 Bf8 27.Ba3 b4  1/2-1/2

[Event "XII Guillermo Garcia Prem I"]
[Site "Santa Clara CUB"]
[Date "2004.05.22"]
[Round "2"]
[White "Rodriguez Guerrero,E"]
[Black "Bruzon,L"]
[Result "0-1"]
[WhiteElo "2407"]
[BlackElo "2602"]

1.e4 e5 2.Nf3 Nc6 3.Bb5 a6 4.Ba4 Nf6 5.O-O Be7 6.Re1 b5 7.Bb3 d6 8.c3 O-O
9.h3 Bb7 10.d4 Nd7 11.Nbd2 Bf6 12.Nf1 Re8 13.N1h2 exd4 14.cxd4 Na5 15.Bc2 c5
16.Ng4 Bxd4 17.Nxd4 cxd4 18.Qxd4 Rc8 19.Ne3 Nf6 20.f3 d5 21.e5 Nc6 22.Qd2 Nxe5
23.Rd1 Qb6 24.Kh1 Nxf3 25.gxf3 d4 26.Qxd4 Bxf3+ 27.Kg1 Qc7 28.Qh4 Bxd1 29.Bxd1 Qb6
30.Qf2 Rxc1 31.Rxc1 Qxe3 32.Qxe3 Rxe3 33.Bf3 g6 34.Bb7 Re2 35.Rc6 Kg7 36.b3 Rxa2
37.Bxa6 Rb2 38.Rc3 Ne4 39.Rf3 b4 40.Bc4 Nd6 41.Bd5 Rd2 42.Bc6 Nf5  0-1

[Event "1st Asean GM"]
[Site "Bangkok THA"]
[Date "2004.06.05"]
[Round "3"]
[White "Nguyen Anh Dung"]
[Black "Zaw Win Lay"]
[Result "1-0"]
[WhiteElo "2535"]
[BlackElo "2475"]

1.e4 e5 2.Nf3 Nc6 3.Bb5 a6 4.Ba4 Nf6 5.O-O Be7 6.Re1 b5 7.Bb3 d6 8.c3 O-O
9.h3 Bb7 10.d4 Re8 11.Nbd2 Bf8 12.Bc2 h6 13.a4 exd4 14.cxd4 Nb4 15.Bb1 c5
16.d5 Nd7 17.Ra3 f5 18.exf5 Nf6 19.Ne4 Bxd5 20.Nfd2 Nxe4 21.Nxe4 Bxe4 22.Rxe4 Rxe4
23.Bxe4 d5 24.Bb1 Bd6 25.axb5 axb5 26.f6 Ra4 27.Qg4  1-0

[Event "CCA/ICC"]
[Site "Stratton Mt USA"]
[Date "2004.06.12"]
[Round "8"]
[White "Shabalov,A"]
[Black "Ivanov,AV USA"]
[Result "0-1"]
[WhiteElo "2624"]
[BlackElo "2544"]

1.e4 e5 2.Nf3 Nc6 3.Bb5 a6 4.Ba4 Nf6 5.O-O Be7 6.Re1 b5 7.Bb3 d6 8.c3 O-O
9.h3 Bb7 10.d4 Re8 11.Nbd2 Bf8 12.d5 Nb8 13.Nf1 Nbd7 14.N3h2 c6 15.dxc6 Bxc6
16.Bg5 Be7 17.Bxf6 Nxf6 18.Ng4 Nxg4 19.Qxg4 Bg5 20.Rad1 g6 21.Rd3 Ra7 22.Red1 Rd7
23.Ng3 Kf8 24.c4 h5 25.Qf3 bxc4 26.Bxc4 Kg7 27.Ne2 f5 28.Nc3 fxe4 29.Nxe4 Rf8
30.Qe2 Bxe4 31.Qxe4 Qb6 32.Rf3 Rxf3 33.Qxf3 Qxb2 34.Qd5 Qb8 35.Bxa6 Bd8 36.Bd3 Rf7
37.Qe4 Rf6 38.Rb1 Bb6 39.Kh1 Qd8 40.Qb7+ Bc7 41.Rc1 Rf7 42.Bc4 Re7 43.Qd5 e4
44.Rc3 Qf8 45.Rg3 Qf6 46.Re3 Re5 47.Qb7 Re7 48.Bd5 Kh6 49.Qb1 Qxf2 50.Rxe4 Rxe4
51.Bxe4 Qf4 52.Bd5 Bd8 53.Qe4 Qc1+ 54.Kh2 Bf6 55.Kg3 Be5+ 56.Kf3 Qd1+ 57.Kf2 g5
58.Bb3 Bd4+  0-1

[Event "Masters"]
[Site "Grenoble FRA"]
[Date "2004.06.21"]
[Round "4"]
[White "Grimberg,G"]
[Black "Verat,L"]
[Result "1/2-1/2"]
[WhiteElo "2318"]
[BlackElo "2319"]

1.e4 e5 2.Nf3 Nc6 3.Bb5 a6 4.Ba4 Nf6 5.O-O Be7 6.Re1 b5 7.Bb3 d6 8.c3 O-O
9.h3 Bb7 10.d4 Re8 11.Ng5 Rf8 12.Nf3 Re8 13.Nbd2 Bf8 14.a4 h6 15.Bc2 exd4
16.cxd4 Nb4 17.Bb1 c5 18.d5 c4 19.Ra3 Nd7 20.Rae3 f5 21.exf5  1/2-1/2

[Event "54th ch-RUS w"]
[Site "Kazan RUS"]
[Date "2004.07.01"]
[Round "3"]
[White "Galliamova,A"]
[Black "Slavina,I"]
[Result "1-0"]
[WhiteElo "2502"]
[BlackElo "2395"]

1.e4 e5 2.Nf3 Nc6 3.Bb5 a6 4.Ba4 Nf6 5.O-O Be7 6.Re1 b5 7.Bb3 d6 8.c3 O-O
9.h3 Bb7 10.d4 Na5 11.Bc2 Nc4 12.b3 Nb6 13.Nbd2 Nfd7 14.Nf1 c5 15.Ne3 g6
16.Ng4 Qc7 17.Bh6 Rfe8 18.Ng5 Qd8 19.h4 cxd4 20.cxd4 Bf8 21.a4 f6 22.Nf3 Bxh6
23.Nxh6+ Kg7 24.Ng4 h5 25.Ne3 bxa4 26.bxa4 a5 27.Rb1 exd4 28.Nxd4 Re5 29.f4 Re8
30.f5 Nc5 31.fxg6 Re5 32.Nef5+ Kxg6 33.Qf3 Rc8 34.Qg3+ Kf7 35.Qg7+ Ke8 36.Qg8+ Kd7
37.Qf7+  1-0

[Event "32nd World Open"]
[Site "Philadelphia USA"]
[Date "2004.07.05"]
[Round "8"]
[White "Shabalov,A"]
[Black "Stocek,J"]
[Result "0-1"]
[WhiteElo "2605"]
[BlackElo "2557"]

1.e4 e5 2.Nf3 Nc6 3.Bb5 a6 4.Ba4 Nf6 5.O-O Be7 6.Re1 b5 7.Bb3 d6 8.c3 O-O
9.h3 Bb7 10.d4 Re8 11.Nbd2 Bf8 12.d5 Nb8 13.Nf1 Nbd7 14.N3h2 h6 15.Ng4 Nxg4
16.hxg4 Be7 17.Bc2 Bg5 18.Ne3 Nf6 19.a4 c6 20.c4 Qd7 21.Nf5 Bxc1 22.Qxc1 cxd5
23.Ra3 dxe4 24.Rd1 Re6 25.c5 Ne8 26.axb5 axb5 27.Rxa8 Bxa8 28.cxd6 g6 29.Nxh6+ Kg7
30.Nxf7 Kxf7 31.Bb3 Bb7 32.Qg5 Nxd6 33.Qxe5 Ke7 34.Qg7+ Kd8 35.Qg8+ Ke7 36.g5 e3
37.fxe3 Rxe3 38.Rf1 Qc6 39.Rf2 Qe4 40.Qg7+ Kd8  0-1

[Event "3rd Open"]
[Site "La Fere FRA"]
[Date "2004.07.07"]
[Round "7"]
[White "Radulski,J"]
[Black "Colin,V"]
[Result "1-0"]
[WhiteElo "2513"]
[BlackElo "2389"]

1.e4 e5 2.Nf3 Nc6 3.Bb5 a6 4.Ba4 Nf6 5.O-O b5 6.Bb3 Be7 7.Re1 d6 8.c3 O-O
9.h3 Bb7 10.d3 Nb8 11.Nbd2 Nbd7 12.Nf1 Nc5 13.Bc2 Re8 14.Ng3 g6 15.d4 Ncd7
16.Bh6 Bf8 17.Qd2 Bxh6 18.Qxh6 Qe7 19.Qg5 Kh8 20.a4 c5 21.Rad1 Nf8 22.Qh6 Ng8
23.Qd2 f6 24.b4 c4 25.Nf1 Kg7 26.Ne3 Qc7 27.h4 Nh6 28.h5 Qb6 29.a5 Qc7 30.Nh4 Rad8
31.Nd5 Bxd5 32.exd5 Nf7 33.Qe3 exd4 34.Qxd4 Re5 35.hxg6 hxg6 36.f4 Rxe1+
37.Rxe1 Rd7 38.Bxg6 Nxg6 39.Nf5+ Kh7 40.Qxf6 Nh6 41.Re6 Rg7 42.Nxh6 Qa7+
43.Kf1 Nf8 44.Qxf8 Qg1+ 45.Kxg1 Rxg2+ 46.Kf1 Rf2+ 47.Ke1 Rf1+ 48.Ke2 Rf2+
49.Ke3 Re2+ 50.Kf3 Rf2+ 51.Ke4 Re2+ 52.Kf5 Rxe6 53.Kxe6  1-0

[Event "22nd Open"]
[Site "Andorra la Vella AND"]
[Date "2004.07.09"]
[Round "7"]
[White "Garcia Garcia,R"]
[Black "Perez Candelario,Man"]
[Result "0-1"]
[WhiteElo "2302"]
[BlackElo "2498"]

1.e4 e5 2.Nf3 Nc6 3.Bb5 a6 4.Ba4 Nf6 5.O-O Be7 6.Re1 b5 7.Bb3 d6 8.c3 O-O
9.h3 Bb7 10.d4 Re8 11.Ng5 Rf8 12.f4 exd4 13.e5 dxe5 14.fxe5 Nd5 15.Qh5 Bxg5
16.Bxg5 Qd7 17.Nd2 dxc3 18.bxc3 Nce7 19.Nf3 Qc6 20.Bc2 Ng6 21.Re4 h6 22.Bxh6 Qc5+
23.Rd4 Nxc3 24.Be3 Ne2+ 25.Kh2 Bxf3 26.Qxg6  0-1

[Event "Open"]
[Site "Condom FRA"]
[Date "2004.07.16"]
[Round "8"]
[White "Zozulia,A"]
[Black "Sulypa,A"]
[Result "1/2-1/2"]
[WhiteElo "2324"]
[BlackElo "2469"]

1.e4 e5 2.Nf3 Nc6 3.Bb5 a6 4.Ba4 Nf6 5.O-O Be7 6.Re1 b5 7.Bb3 d6 8.c3 O-O
9.h3 Bb7 10.d4 Re8 11.Ng5 Rf8 12.Nf3 Nd7 13.Nbd2 Bf6 14.Nf1 Na5 15.Bc2 Re8
16.dxe5 Nxe5 17.Nxe5 dxe5 18.Qe2 Nc4 19.Rd1 Qe7 20.Ne3 Nxe3 21.Bxe3 c5  1/2-1/2

[Event "Western Canadian Open"]
[Site "Richmond CAN"]
[Date "2004.07.17"]
[Round "9"]
[White "Kyriakides,S"]
[Black "Kraidman,Y"]
[Result "1/2-1/2"]
[WhiteElo "2240"]
[BlackElo "2320"]

1.e4 e5 2.Nf3 Nc6 3.Bb5 a6 4.Ba4 Nf6 5.O-O b5 6.Bb3 Be7 7.Re1 d6 8.c3 O-O
9.h3 Bb7 10.d4 Re8 11.Ng5 Rf8 12.Nf3 Nd7 13.Nbd2 Bf6 14.Nf1 Re8 15.Ng3 Na5
16.Bc2 Nf8 17.a4 Ng6 18.Bd3 c6 19.Nh5 Be7 20.b4 Nc4 21.Bxc4 bxc4 22.dxe5 Nxe5
23.Nxe5 dxe5 24.Be3 g6 25.Ng3 Qc8 26.Qe2 Qe6 27.Red1 h5 28.Bb6 Bd8 29.Bc5 Bc7
30.a5 Rad8 31.Nf1 Rd3 32.Rxd3 cxd3 33.Qxd3 Rd8 34.Qc2 Bc8 35.Ne3 Rd7 36.Rd1 Bd8
37.Rxd7 Qxd7 38.Qd1 Qxd1+ 39.Nxd1 Be6 40.Kf1 Bb3 41.Ne3 Bg5 42.Ke2 Bxe3 43.Kxe3 Bc4
44.g4 f6 45.gxh5 gxh5 46.h4  1/2-1/2

[Event "Open"]
[Site "Kavala GRE"]
[Date "2004.08.06"]
[Round "8"]
[White "Parligras,M"]
[Black "Szabo,Zso2"]
[Result "0-1"]
[WhiteElo "2564"]
[BlackElo "2437"]

1.e4 e5 2.Nf3 Nc6 3.Bb5 a6 4.Ba4 Nf6 5.O-O Be7 6.Re1 b5 7.Bb3 d6 8.c3 O-O
9.h3 Bb7 10.d4 Re8 11.Ng5 Rf8 12.Nf3 Re8 13.Nbd2 Bf8 14.d5 Nb8 15.Nf1 Nbd7
16.N3h2 c6 17.dxc6 Bxc6 18.Bg5 Be7 19.Ng3 g6 20.Qf3 h5 21.Rad1 a5 22.a3 b4
23.axb4 axb4 24.cxb4 Rb8 25.Rc1 Ba8 26.Bd2 d5 27.exd5 Bxb4 28.Red1 e4 29.Qe3 Bc5
30.Rxc5 Nxc5 31.Qxc5 Rxb3 32.Bc3 Qb6 33.Qc4 e3 34.fxe3 Qxe3+ 35.Kh1 Bxd5
36.Rxd5 Rxc3 37.bxc3 Nxd5 38.Nf3 Nxc3 39.Kh2 Ne2 40.Nxe2 Qxe2 41.Qf4 Qe3
42.Qf6 Re6 43.Qd8+ Kg7 44.Qb8 Rf6 45.Qb2 Qf4+ 46.Kh1 Kg8 47.Qc3 Rb6 48.Qc2 Rb8
49.Kg1 Ra8 50.Qc3 Ra2 51.h4 Qg3 52.Qc8+ Kg7 53.Qc3+ f6  0-1

[Event "HZ Open"]
[Site "Vlissingen NED"]
[Date "2004.08.08"]
[Round "3"]
[White "Stellwagen,D"]
[Black "Vandersmissen,M"]
[Result "1-0"]
[WhiteElo "2509"]
[BlackElo "2199"]

1.e4 e5 2.Nf3 Nc6 3.Bb5 a6 4.Ba4 Nf6 5.O-O Be7 6.Re1 b5 7.Bb3 d6 8.c3 O-O
9.h3 Bb7 10.d4 Re8 11.Nbd2 Bf8 12.a4 h6 13.Bc2 exd4 14.cxd4 Nb4 15.Bb1 c5
16.Ra3 c4 17.Rae3 d5 18.e5 Ne4 19.Nxe4 dxe4 20.Bxe4 Bxe4 21.Rxe4 Qd5 22.Rg4 Re6
23.Rf1 Rd8 24.Be3 Kh8 25.axb5 axb5 26.Qb1 Ra6 27.Qf5 g6 28.Qf4 Nd3 29.Qg3 Nxb2
30.Rh4 Kg8 31.Bxh6 Rda8 32.Bxf8 Kxf8 33.Qg5 Ke8 34.Rh8+ Kd7 35.e6+ fxe6 36.Ne5+ Kc7
37.Qe7+ Kb6 38.Nd7+ Ka5 39.Rb1 b4 40.Rxb2 b3 41.Rxa8 Rxa8 42.Rb1 Kb5 43.Nf6 Qc6
44.Ne4 Kb6 45.Nc3 Ra5 46.Re1 Ra7 47.Qb4+  1-0

[Event "ch-ESP GpA"]
[Site "Seville ESP"]
[Date "2004.08.13"]
[Round "1"]
[White "Garcia Luque,A"]
[Black "Perez Candelario,Man"]
[Result "1/2-1/2"]
[WhiteElo "2406"]
[BlackElo "2498"]

1.e4 e5 2.Nf3 Nc6 3.Bb5 a6 4.Ba4 Nf6 5.O-O Be7 6.Re1 b5 7.Bb3 d6 8.c3 O-O
9.h3 Bb7 10.d4 Re8 11.Nbd2 Bf8 12.d5 Nb8 13.Nf1 h6 14.Ng3 Nbd7 15.Nh2 c6
16.dxc6 Bxc6 17.Ng4 a5 18.Nf5 a4 19.Bc2 Re6 20.Qf3 Nh7 21.Qg3 Kh8 22.h4 h5
23.Nh2 g6 24.Ne3 Ndf6 25.Qf3 Qc7 26.Nd5 Nxd5 27.exd5 Bb7 28.Qd3 Re7 29.Qxb5 Ra5
30.Qb4 Bxd5 31.Be3 Ra8 32.Rad1 Bxa2 33.Bxa4 Qc8 34.Qe4 Be6 35.Bb5 f5 36.Qd3 Rf7
37.c4 Nf6 38.Bc1 Rc7 39.b3 Ne4 40.Nf3 Ra2 41.Be3 Qa8 42.Ng5 Nxg5 43.Bxg5 Kg7
44.Qc3 Kh7 45.Ra1 Rca7 46.Rad1 Rc7 47.Ra1 Rca7 48.Rxa2 Rxa2 49.Ba4 Qa6 50.c5 dxc5
51.Qxe5 Bf7 52.Qc7 Kg8 53.Be7 Bxe7 54.Qxe7 Qc8 55.Rd1 Qe6 56.Qxc5 Qf6 57.Qd4 Kg7
58.Kh2 Qxd4 59.Rxd4  1/2-1/2

[Event "ch-FRA"]
[Site "Val d'Isere FRA"]
[Date "2004.08.20"]
[Round "5"]
[White "Fressinet,L"]
[Black "Dorfman,J"]
[Result "1/2-1/2"]
[WhiteElo "2637"]
[BlackElo "2599"]

1.e4 e5 2.Nf3 Nc6 3.Bb5 a6 4.Ba4 Nf6 5.O-O Be7 6.Re1 b5 7.Bb3 d6 8.c3 O-O
9.h3 Bb7 10.d4 Re8 11.Nbd2 Bf8 12.d5 Nb8 13.Nf1 Nbd7 14.Ng3 Nc5 15.Bc2 c6
16.b4 Ncd7 17.dxc6 Bxc6 18.Bb3 h6 19.Nh2 Nb6 20.Ng4 Nc4 21.Qe2 Nxg4 22.hxg4 Bd7
23.Bxc4 bxc4 24.Nf5 d5 25.exd5  1/2-1/2

[Event "ch-ESP Cerrado"]
[Site "Seville ESP"]
[Date "2004.08.21"]
[Round "4"]
[White "Arizmendi Martinez,J"]
[Black "Perez Candelario,Man"]
[Result "1/2-1/2"]
[WhiteElo "2534"]
[BlackElo "2498"]

1.e4 e5 2.Nf3 Nc6 3.Bb5 a6 4.Ba4 Nf6 5.O-O Be7 6.Re1 b5 7.Bb3 d6 8.c3 O-O
9.h3 Bb7 10.d4 Re8 11.Nbd2 Bf8 12.d5 Nb8 13.Nf1 Nbd7 14.N3h2 Nc5 15.Bc2 c6
16.b4 Ncd7 17.dxc6 Bxc6 18.Bg5 Qc8 19.Bxf6 Nxf6 20.Ng4 Nxg4 21.hxg4 Bd7 22.Ne3 Qxc3
23.Nd5 Qc6 24.Bb3 Rac8 25.g5 Qb7 26.Qh5 Re6 27.Rad1 Qa7 28.Qf3 Be8 29.Re3 Rg6
30.Qf5 Rc6 31.Rh3 Qd7 32.Rh5 Qd8 33.Ne3 Be7 34.Ng4 Qc8 35.Ne3 Qxf5 36.Nxf5 Bxg5
37.Nxd6 Rcxd6 38.Rxd6 Rxd6 39.Rxg5 Rd4 40.Rxe5 Kf8 41.f3 Rxb4 42.Rc5 a5 43.Rc7 Rd4
44.Bd5 Rd2 45.Kh2 a4 46.Kh3 h5 47.g4 Rd3 48.Kg3 h4+ 49.Kxh4 Rxf3 50.g5 f6
51.Kg4 Rf1 52.gxf6  1/2-1/2

[Event "Knjaz Milos Jezero Open"]
[Site "Belgrade SCG"]
[Date "2004.08.22"]
[Round "6"]
[White "Zivkovic,S"]
[Black "Stankovic,Br"]
[Result "1-0"]
[WhiteElo "2311"]
[BlackElo "2230"]

1.e4 e5 2.Nf3 Nc6 3.Bb5 a6 4.Ba4 Nf6 5.O-O Be7 6.Re1 b5 7.Bb3 d6 8.c3 O-O
9.h3 Bb7 10.d4 Re8 11.Nbd2 Bf8 12.Bc2 g6 13.a4 exd4 14.cxd4 Nb4 15.Bb1 c5
16.d5 Bg7 17.Ra3 Nd7 18.Nh2 c4 19.Ndf3 Nc5 20.Ng4 Nbd3 21.Bxd3 Nxd3 22.Rxd3 cxd3
23.Qxd3 bxa4 24.Nh6+ Kf8 25.Qa3 Qe7 26.Qxa4 Rac8 27.Bf4 Bxb2 28.Ng5 Bxd5
29.Rd1 Be5 30.exd5 Bxf4 31.Qxf4 Kg7 32.Nhxf7 Qf6 33.Qh4 h5 34.Qg3 Rc3 35.Qxd6 Qxd6
36.Nxd6 Re5 37.Nde4 Rc8 38.d6 a5 39.d7 Rd8 40.Nc5  1-0

[Event "TCh-SCG Men"]
[Site "Budva SCG"]
[Date "2004.09.17"]
[Round "9"]
[White "Perunovic,Mil"]
[Black "Blagojevic,D"]
[Result "1/2-1/2"]
[WhiteElo "2555"]
[BlackElo "2536"]

1.e4 e5 2.Nf3 Nc6 3.Bb5 a6 4.Ba4 Nf6 5.O-O Be7 6.Re1 b5 7.Bb3 d6 8.c3 O-O
9.h3 Bb7 10.d4 Re8 11.a4 h6 12.Nbd2 Bf8 13.d5 Nb8 14.c4 c6 15.axb5 axb5 16.Rxa8 Bxa8
17.cxb5 cxd5 18.exd5 Bxd5 19.Bxd5 Nxd5  1/2-1/2

[Event "1st Central League"]
[Site "Vrnjacka Banja SCG"]
[Date "2004.09.26"]
[Round "2"]
[White "Nikolic,Zo1"]
[Black "Tojagic,D"]
[Result "0-1"]
[WhiteElo "2222"]
[BlackElo "2308"]

1.e4 e5 2.Nf3 Nc6 3.Bb5 a6 4.Ba4 Nf6 5.O-O Be7 6.Re1 b5 7.Bb3 d6 8.c3 O-O
9.h3 Bb7 10.d4 Re8 11.Nbd2 Bf8 12.Bc2 Rc8 13.Nf1 exd4 14.cxd4 Nb4 15.Ng3 Nxc2
16.Qxc2 h6 17.b3 d5 18.exd5 Rxe1+ 19.Nxe1 Qxd5 20.Nf3 c5 21.dxc5 Rxc5 22.Qe2 Qc6
23.Be3 Rc2 24.Qd3 Rc3 25.Qd8 Qd5 26.Rd1 Qxd8 27.Rxd8 Rc8 28.Rxc8 Bxc8 29.Bd4 Nd5
30.Ne4 Nb4 31.a4 Bb7 32.Nc5 Bd5 33.Be3 Bxc5 34.Bxc5 Nd3 35.Bd6 Bxb3 36.axb5 axb5
37.Nd4 Bc4 38.Nc6 f6 39.Nb4 Nb2 40.h4 h5 41.f3 Nd1 42.Kh2 Kf7 43.Kg3 Ke6
44.Bf8 Ne3 45.Kf2 Nf5 46.g4 hxg4 47.fxg4 Kf7 48.gxf5 Kxf8 49.Ke3 Ke7 50.Kd4 Kd6
51.Na6 Bf1 52.Nc5 Bh3 53.Ne6 g6 54.Ng7 Bxf5 55.h5 Bb1  0-1

[Event "1st Central League"]
[Site "Vrnjacka Banja SCG"]
[Date "2004.09.28"]
[Round "5"]
[White "Radulski,J"]
[Black "Tojagic,D"]
[Result "1-0"]
[WhiteElo "2513"]
[BlackElo "2308"]

1.e4 e5 2.Nf3 Nc6 3.Bb5 a6 4.Ba4 Nf6 5.O-O Be7 6.Re1 b5 7.Bb3 d6 8.c3 O-O
9.h3 Bb7 10.d3 Na5 11.Bc2 c5 12.Nbd2 Re8 13.Nf1 Bf8 14.Ng3 g6 15.a3 Nc6 16.Bb3 Na5
17.Ba2 c4 18.dxc4 Nxc4 19.Qe2 Qc7 20.Bg5 Bg7 21.Rad1 h6 22.Bxf6 Bxf6 23.Bxc4 bxc4
24.Qd2 Rad8 25.Qxh6 Bg7 26.Qh4 d5 27.exd5 Bxd5 28.Ne4 Qc6 29.Nfg5 f5 30.Nd2 Rb8
31.Ndf3 Bxf3 32.Qh7+ Kf8 33.Nxf3 Rxb2 34.Nxe5 Bxe5 35.Rxe5 Rxe5 36.Qh8+ Kf7
37.Qxe5 Rb5 38.Qh8 Rd5 39.Re1 Rd7 40.Qe8+ Kf6 41.Qf8+ Kg5 42.f4+  1-0

[Event "Monarch Assurance"]
[Site "Port Erin IOM"]
[Date "2004.10.03"]
[Round "9"]
[White "Ramaswamy,A"]
[Black "Fox,An"]
[Result "1-0"]
[WhiteElo "2299"]
[BlackElo "2123"]

1.e4 e5 2.Nf3 Nc6 3.Bb5 a6 4.Ba4 Nf6 5.O-O Be7 6.Re1 b5 7.Bb3 d6 8.c3 O-O
9.h3 Bb7 10.d4 Re8 11.Ng5 Rf8 12.Nf3 Re8 13.Nbd2 Bf8 14.d5 Nb8 15.Nf1 Nbd7
16.N3h2 h6 17.Ng4 Nxg4 18.hxg4 Be7 19.a4 Bg5 20.axb5 axb5 21.Rxa8 Bxa8 22.Be3 g6
23.f3 Kg7 24.Qd3 Qb8 25.Bxg5 hxg5 26.Qe3 Qb6 27.Ra1 Nc5 28.Bd1 c6 29.b4 Nd7
30.Qxb6 Nxb6 31.Ra6 Rb8 32.dxc6 Bxc6 33.Ne3 d5 34.exd5 Bxd5 35.Rxb6 Rxb6
36.Nxd5 Rd6 37.Bb3 f5 38.c4 bxc4 39.Bxc4 Rc6 40.Be2 Rc2 41.Kf2 Rd2 42.Ne3 Kf6
43.Nc4 Rc2 44.b5 Rc3 45.Nd2 Ke6 46.Bc4+ Kd6 47.Bf7 e4 48.fxe4 fxg4 49.b6 g3+
50.Ke2 Kc6 51.e5 Kxb6 52.e6 Rc7 53.Ne4 Kc6 54.Be8+ Kd5 55.Bd7 Rc4 56.Nd2  1-0

[Event "36th Olympiad"]
[Site "Calvia ESP"]
[Date "2004.10.17"]
[Round "2"]
[White "Smith,Ro"]
[Black "Rowe,D"]
[Result "1/2-1/2"]
[WhiteElo "2251"]
[BlackElo "2197"]

1.e4 e5 2.Nf3 Nc6 3.Bb5 a6 4.Ba4 Nf6 5.O-O Be7 6.Re1 b5 7.Bb3 d6 8.c3 O-O
9.h3 Bb7 10.d4 Re8 11.Nbd2 Bf8 12.a4 h6 13.d5 Nb8 14.axb5 axb5 15.Rxa8 Bxa8
16.Nf1 Nbd7 17.Ng3 Nc5 18.Bc2 c6 19.b4 Ncd7 20.dxc6 Bxc6 21.Qd3 g6 22.Nh2 d5
23.exd5 Nxd5 24.Ng4 Nf4 25.Bxf4 exf4 26.Rxe8 Qxe8 27.Nh5 Qb8 28.Bb3 Qd6 29.Nxf4 Qxd3
30.Nxd3 Bg7 31.c4 Kf8 32.Ne3 Ne5 33.Nxe5 Bxe5 34.cxb5 Bxb5 35.Bc4 Bc6 36.Kf1 Ke7
37.Ke2 Kd6 38.Kd3 f5 39.f3 Bd7 40.Ba6 Be6 41.Bc4 Bd7 42.Bf7 Bb5+ 43.Bc4 Bd7
44.Kc2 Ba4+ 45.Bb3 Bb5 46.Bf7 Bf4 47.Nd5 g5 48.Nxf4 gxf4 49.Kc3 Bf1 50.h4 Bxg2
51.Bh5 Kd5 52.Kd3 Bf1+ 53.Kc3 Be2 54.Kd2 Bxf3 55.Bxf3+ Kc4 56.Bh5 Kxb4 57.Ke2 Kc5
58.Kf3 Kd6 59.Kxf4 Ke6 60.Bg6 Kf6 61.Be8 Kg7 62.Kxf5 h5 63.Kg5 Kh8 64.Bxh5  1/2-1/2

[Event "36th Olympiad"]
[Site "Calvia ESP"]
[Date "2004.10.17"]
[Round "2"]
[White "Shabalov,A"]
[Black "Sulskis,S"]
[Result "1/2-1/2"]
[WhiteElo "2608"]
[BlackElo "2555"]

1.e4 e5 2.Nf3 Nc6 3.Bb5 a6 4.Ba4 Nf6 5.O-O Be7 6.Re1 b5 7.Bb3 d6 8.c3 O-O
9.h3 Bb7 10.d4 Re8 11.Nbd2 Bf8 12.d5 Nb8 13.Nf1 Nbd7 14.N3h2 c6 15.dxc6 Bxc6
16.Ng4 Bxe4 17.Bg5 Bg6 18.a4 Be7 19.Bxf6 Nxf6 20.Nxf6+ Bxf6 21.axb5 axb5
22.Rxa8 Qxa8 23.Qxd6 Qb8 24.Qc6 Rc8 25.Qa6 Rd8 26.Ne3 Rd2 27.Ra1 Be4 28.Ra5 Bh4
29.Ng4 h5 30.Rxb5 Qd8 31.Qa7 Rd7 32.Qe3 hxg4 33.Qxe4 g3 34.fxg3 Bxg3 35.Qg4 Bf4
36.h4 Qc7 37.Kf1  1/2-1/2

[Event "36th Olympiad"]
[Site "Calvia ESP"]
[Date "2004.10.19"]
[Round "5"]
[White "Atakisi,U"]
[Black "Green,Pet"]
[Result "1-0"]
[WhiteElo "2304"]
[BlackElo "2268"]

1.e4 e5 2.Nf3 Nc6 3.Bb5 a6 4.Ba4 Nf6 5.O-O Be7 6.Re1 b5 7.Bb3 d6 8.c3 O-O
9.h3 Bb7 10.d4 Re8 11.Nbd2 Bf8 12.d5 Nb8 13.Nf1 Nbd7 14.N3h2 c6 15.dxc6 Bxc6
16.Bg5 h6 17.Bxf6 Nxf6 18.Ng3 d5 19.exd5 Bxd5 20.Bxd5 Qxd5 21.Ng4 Qxd1 22.Nxf6+ gxf6
23.Raxd1 Red8 24.h4 Rac8 25.h5 b4 26.Nf5 Rxd1 27.Rxd1 bxc3 28.bxc3 Rxc3 29.Rd8 Rc1+
30.Kh2 Rc2 31.Ne7+ Kg7 32.Nf5+ Kg8 33.f3 Rxa2 34.Nxh6+ Kh7 35.Nf5 Bh6 36.Rd7 Bg5
37.Rxf7+ Kg8 38.Ra7 a5 39.Kh3 Kh8 40.Nd6 Be3 41.Rb7 a4 42.Ne4 Bg5 43.Nxg5 fxg5
44.Ra7 a3 45.g3 Ra1 46.Kg4 a2 47.Kf5 Rf1 48.Rxa2 Rxf3+ 49.Kg6 Rf8 50.g4 e4
51.Re2 Rg8+ 52.Kf5  1-0

[Event "36th Olympiad"]
[Site "Calvia ESP"]
[Date "2004.10.20"]
[Round "6"]
[White "Lupulescu,C"]
[Black "Perez Candelario,Man"]
[Result "1/2-1/2"]
[WhiteElo "2560"]
[BlackElo "2474"]

1.e4 e5 2.Nf3 Nc6 3.Bb5 a6 4.Ba4 Nf6 5.O-O Be7 6.Re1 b5 7.Bb3 d6 8.c3 O-O
9.h3 Bb7 10.d4 Re8 11.Nbd2 Bf8 12.Bc2 h6 13.d5 Nb8 14.b3 Nbd7 15.Nf1 c6 16.c4 Qc7
17.Bd2 Rec8 18.Rc1 bxc4 19.bxc4 a5 20.g4 g6 21.Ng3 Bg7 22.Kg2 Qd8 23.Be3 cxd5
24.cxd5 Nc5 25.Bb1 Nfd7 26.h4 Na6 27.h5 g5 28.Nf5 Bf8 29.Qb3 Rcb8 30.Qa3 Nf6
31.Bd2 Nc5 32.Rxc5 dxc5 33.Nxe5 Nxd5 34.exd5 Qxd5+ 35.Be4 Qxd2 36.Nxf7 Bxe4+
37.Rxe4 Kxf7 38.Qf3 Kg8 39.Re6  1/2-1/2

[Event "36th Olympiad"]
[Site "Calvia ESP"]
[Date "2004.10.23"]
[Round "8"]
[White "Kovacevic,A"]
[Black "Stocek,J"]
[Result "1/2-1/2"]
[WhiteElo "2556"]
[BlackElo "2569"]

1.e4 e5 2.Nf3 Nc6 3.Bb5 a6 4.Ba4 Nf6 5.O-O Be7 6.Re1 b5 7.Bb3 d6 8.c3 O-O
9.h3 Bb7 10.d4 Re8 11.Nbd2 Bf8 12.d5 Nb8 13.Nf1 Nbd7 14.N3h2 h6 15.Ng4 Nxg4
16.Qxg4 Nf6 17.Qg3 g6 18.a4 Bg7 19.Qd3 Qd7 20.c4 c6 21.Ne3 bxc4 22.Bxc4 cxd5
23.Nxd5 Nxd5 24.Bxd5 Bxd5 25.Qxd5 Rab8 26.Rd1 Bf8 27.Ra3 Rb4 28.Rg3  1/2-1/2

[Event "36th Olympiad"]
[Site "Calvia ESP"]
[Date "2004.10.23"]
[Round "8"]
[White "Fedorov,Alex"]
[Black "Perez Candelario,Man"]
[Result "1/2-1/2"]
[WhiteElo "2619"]
[BlackElo "2474"]

1.e4 e5 2.Nf3 Nc6 3.Bb5 a6 4.Ba4 Nf6 5.O-O Be7 6.Re1 b5 7.Bb3 d6 8.c3 O-O
9.h3 Bb7 10.d4 Re8 11.Nbd2 Bf8 12.a3 h6 13.Bc2 Nb8 14.b4 Nbd7 15.Bb2 Rc8
16.a4 c5 17.axb5 axb5 18.bxc5 exd4 19.cxd4 dxc5 20.dxc5 Nxc5 21.Qb1  1/2-1/2